| 000 | 00526nam a22001697a 4500 | ||
|---|---|---|---|
| 005 | 20240508105302.0 | ||
| 008 | 240508b |||||||| |||| 00| 0 eng d | ||
| 020 | _a0-8053-1660-4 | ||
| 082 |
_a005.133 _bGEA-C |
||
| 100 | _aGearing;Jim | ||
| 245 |
_aCfor COBOL Programmers/ _bA Business Approach/ _cJim Gearing |
||
| 260 |
_aUSA; _bAddison-Wesley Publishing Company, Inc; _c1996 |
||
| 300 |
_axxiv, 518 p.: _bill; _c23 cm. |
||
| 500 | _aInclude index. | ||
| 650 | _aComputer Science/Computer Programming Language | ||
| 999 |
_c35719 _d35719 |
||